Vývoj dozoru nad pojišťovnictvím ve Švýcarsku
História dozoru nad poisťovníctvom vo Švajčiarsku. Vykonávanie švajčiarskeho dozoru nad poisťovníctvom v súčasnosti federálnym úradom. Úlohy dozoru. Zmeny v poisťovníctve Švajčiarska od roku 1988.
Salvato in:
| Autore principale: | |
|---|---|
| Altri autori: | |
| Natura: | Capitolo di libro |
| Lingua: | ceco |
| Soggetti: | |
| Tags: |
Nessun Tag, puoi essere il primo ad aggiungerne!!
|
MARC
| LEADER | 00000naa a2200000 4500 | ||
|---|---|---|---|
| 001 | r025435 | ||
| 005 | 20230922093224.3 | ||
| 041 | 0 | |a cze | |
| 044 | |a CZ | ||
| 245 | 1 | 0 | |a Vývoj dozoru nad pojišťovnictvím ve Švýcarsku |c P. Pfund, M. Kovárnová |
| 520 | |a História dozoru nad poisťovníctvom vo Švajčiarsku. Vykonávanie švajčiarskeho dozoru nad poisťovníctvom v súčasnosti federálnym úradom. Úlohy dozoru. Zmeny v poisťovníctve Švajčiarska od roku 1988. | ||
| 610 | 2 | 0 | |a dozor |
| 610 | 2 | 0 | |a história |
| 610 | 2 | 0 | |a poisťovníctvo |
| 610 | 2 | 0 | |a Švajčiarsko |
| 610 | 2 | 0 | |a poisťovne |
| 610 | 2 | 0 | |a inšpekcia štátna |
| 100 | 1 | |a Pfund, P. | |
| 700 | 1 | |a Kovárnová, M. | |